000 00883nac a22002411i 4500
003 EG-ScBUE
005 20240923111136.0
008 240923s1965 maua f b 001 0 eng d
040 _aEG-ScBUE
_beng
_erda
_cEG-ScBUE
_dEG-ScBUE
082 0 4 _a512.8
_bWHI
_222
100 1 _aWhitesitt, J. Eldon,
_eauthor.
245 1 0 _aPrinciples of modern algebra /
_cJ. Eldon Whitesitt, Department of Mathematics, Montana State College.
264 1 _aReading, Massachusetts :
_bAddison-Wesley Publishing Company,
_c1965.
300 _aviii, 262 pages :
_billustrations ;
_c20 cm
336 _2rdacontent
_atext
_btxt
337 _aunmediated
_2rdamedia
_bn
338 _avolume
_bnc
_2rdacarrier
504 _aIncludes bibliographical references and index.
650 7 _aAlgebra, Abstract.
_2BUEsh
655 _vReading book
942 _cBB
_2ddc
999 _c1792
_d1792